000 00483nam a2200157 i 4500
001 26842
003 ES-MaACL
005 20230906153518.0
007 t|
008 030110s1968 sp ||||1| spa d
100 1 _aAvezuela Calleja, Manuel.
_924033
245 1 0 _aFormación de dirigentes y organización de grupos comunitarios /
_cManuel Avezuela Calleja.
260 _aBarcelona :
_bSagitario,
_c[1968]
300 _a2 t. en 1 v. ;
_c22 cm.
852 _aES-MaACL
_jC-46816
_bR.67277
999 _c26842
_d26842